Central Library OPAC University of Rajshahi
Normal view MARC view

Entry Topical Term

Number of records used in: 3

001 - CONTROL NUMBER

  • control field: 170

003 - CONTROL NUMBER IDENTIFIER

  • control field: BD-RjUL

005 - DATE AND TIME OF LATEST TRANSACTION

  • control field: 20211213122134.0

008 - FIXED-LENGTH DATA ELEMENTS

  • fixed length control field: 211213|| aca||aabn | a|a d

040 ## - CATALOGING SOURCE

  • Original cataloging agency: BD-RjUL
  • Transcribing agency: BD-RjUL

150 ## - HEADING--TOPICAL TERM

  • Topical term or geographic name entry element: Indexed Dictionary
  • Form subdivision: Hadith Words

670 ## - SOURCE DATA FOUND

  • Source citation: Work cat.: (BD-RjUL)78992: ونسنك, ا.ى 169, اهرس لألفاظ الحديث النبوي : عن الكتب الستة وعن مسند الدرامي وموطأ ومسند أحمد بن حنبل / ;; almuejam almufaharis li'alfaz alhadith alnabawii /, 1955.